Music Quiz

Random Music or Clickable Quiz

Name Dropping at the Opera Quiz Stats

 Plays Quiz Updated Mar 10, 2020

Support Sporcle.
Go Orange.
Score 0/38 Timer 05:00
3 Plays Today
% Correct
Juliette
88.7%
William
85.4%
Delilah
84.7%
Butterfly
84.4%
Figaro
84.2%
Porgy
83.2%
Isolde
82.3%
Giovanni
80.7%
Billy
71.5%
Boris
66.2%
Pollux
66.1%
Eugene
64.4%
Arthur
61.3%
Nixon
61%
Dido
60.3%
Hoffmann
58.7%
Bluebeard
56.2%
Igor
55.6%
Lucia
55%
% Correct
Peter
54.7%
Giulio
53.9%
Einstein
51.8%
Pelléas
51.4%
Manon
48.8%
Gianni
48.4%
Carlos
43%
Maria
41.5%
Tito
41.3%
Idomeneo
41.1%
Pasquale
39.4%
Bruschino
39%
Lady Macbeth
38.4%
Iphigenia
37.6%
Simon
37.2%
Poppea
35.9%
Galatea
34.9%
Luisa
34.7%
Hugh
34.1%

From the Vault

Adjectives in #1 Songs

by JoeBeta

Music 7m
It's time to unpack your adjectives.
Remove Ads.
Support Sporcle.
Get the best of Sporcle when you Go Orange. This ad-free experience offers more features, more stats, and more fun while also helping to support Sporcle. Thank you for becoming a member.

Show Comments

Extras

Top Quizzes Today


Score Distribution

Your Account Isn't Verified!

In order to create a playlist on Sporcle, you need to verify the email address you used during registration. Go to your Sporcle Settings to finish the process.

Report this User

Report this user for behavior that violates our Community Guidelines.

Details: